Caleb Zhao
MIT A
Categories
Science - Chemistry | 1 | 2 | 1 | 0 | 30 | 53 | 68.67 | 1 | 3 |
Fine Arts - Auditory Fine Arts | 1 | 1 | 0 | 0 | 25 | 48 | 90.00 | 1 | 2 |
Science - Biology | 1 | 1 | 0 | 0 | 25 | 50 | 63.00 | 1 | 2 |
Philosophy | 0 | 2 | 0 | 0 | 20 | 90 | 95.00 | 2 | 2 |
Science - Other Science | 0 | 1 | 0 | 0 | 10 | 109 | 109.00 | 0 | 1 |
Fine Arts - Other Fine Arts | 0 | 1 | 0 | 0 | 10 | 96 | 96.00 | 1 | 1 |
History - American History | 0 | 1 | 0 | 0 | 10 | 121 | 121.00 | 0 | 1 |
Literature - British Literature | 1 | 0 | 1 | 0 | 10 | 48 | 48.00 | 1 | 1 |
History - World History | 0 | 1 | 1 | 1 | 5 | 128 | 128.00 | 0 | 1 |
Mythology | 0 | 0 | 1 | 0 | -5 | 0.00 | 0 | 0 | |
Literature - American Literature | 0 | 0 | 1 | 0 | -5 | 0.00 | 0 | 0 |